Score 0/28 Timer 04:00
1 Play Today
Actress, Music Artist, Author First Name % Correct
Jessica Parker, McLachlan, Orne JewettSarah
93.5%
Bullock, Dee, BrownSandra
92.3%
Garland, Collins, BlumeJudy
90.7%
Brenneman, Winehouse, LowellAmy
89.9%
Portman, Merchant, BabbittNatalie
88.4%
Beckinsale, Bush, ChopinKate
88.3%
Linney, Branigan, Ingalls WilderLaura
87.1%
Prentiss, Abdul, DanzigerPaula
86%
Monroe, McCoo, FrenchMarilyn
84.6%
Bancroft, Murray, RiceAnne
82.5%
Watson, Haines, DickinsonEmily
80.5%
Crawford, Baez, AikenJoan
80.2%
Hayworth, Coolidge, Mae BrownRita
80.2%
Potts, Lennox, ProulxAnnie
80.2%
Actress, Music Artist, Author First Name % Correct
Hunt, Reddy, FieldingHelen
79.2%
MacLaine, Manson, JacksonShirley
78.8%
Astor, Wells, ShelleyMary
76.8%
Rampling, Caffey, BrontëCharlotte
76.2%
Rigg, Ross, Wynne JonesDiana
69.1%
Bonet, Loeb, ScottolineLisa
67.8%
Ryan, White, CabotMeg
67.1%
Somers, Vega, CollinsSuzanne
66.8%
Stanwyck, Mandrell, KingsolverBarbara
65.8%
Evans, Piaf, WhartonEdith
64.6%
Reed, Summer, TarttDonna
63.2%
Black, Carpenter, BlixenKaren
63.2%
Kelly, Slick, PaleyGrace
58.6%
Plimpton, Reeves, GrimesMartha
41.9%
Remove Ads.
Support Sporcle.
Get the best of Sporcle when you Go Orange. This ad-free experience offers more features, more stats, and more fun while also helping to support Sporcle. Thank you for becoming a member.

You're not logged in!

Compare scores with friends on all Sporcle quizzes.
OR
Log In

Show Comments

Extras

Top Quizzes Today


Score Distribution

Your Account Isn't Verified!

In order to create a playlist on Sporcle, you need to verify the email address you used during registration. Go to your Sporcle Settings to finish the process.

Report this User

Report this user for behavior that violates our Community Guidelines.

Details: